Welcome to invention mansion : (Record no. 110250)
[ view plain ]
| 000 -LEADER | |
|---|---|
| fixed length control field | 00341nam a2200121 a 4500 |
| 005 - DATE AND TIME OF LATEST TRANSACTION | |
| control field | 20140414131852.0 |
| 008 - FIXED-LENGTH DATA ELEMENTS--GENERAL INFORMATION | |
| fixed length control field | 100807s19uu xx 00 eng d |
| 050 ## - LIBRARY OF CONGRESS CALL NUMBER | |
| Classification number | M 608 |
| Item number | C83 2003 |
| 100 ## - MAIN ENTRY--PERSONAL NAME | |
| Personal name | Cox, Steve |
| 245 ## - TITLE STATEMENT | |
| Title | Welcome to invention mansion : |
| Remainder of title | a three-dimensional mystery. |
| 260 ## - PUBLICATION, DISTRIBUTION, ETC. (IMPRINT) | |
| Place of publication, distribution, etc | London : |
| Name of publisher, distributor, etc | Macmillan, |
| Date of publication, distribution, etc | 2003. |
| Withdrawn status | Lost status | Damaged status | Home library | Current library | Shelving location | Date acquired | Total Checkouts | Full call number | Barcode | Date last seen | Price effective from | Koha item type |
|---|---|---|---|---|---|---|---|---|---|---|---|---|
| Munich Library | Munich Library | Main Section | 08/07/2010 | M 608 C83 2003 | M0591 | 04/14/2014 | 04/14/2014 | Books |